|
|
|
|
| LEADER |
01112nam a22002777a 4500 |
| 001 |
33974 |
| 003 |
BD-DhAAL |
| 005 |
20260111135149.0 |
| 008 |
181118t2016 bg b 000 0 ben d |
| 020 |
|
|
|a 98490080164
|
| 040 |
|
|
|a BD-DhAAL
|c BD-DhAAL
|
| 041 |
0 |
|
|a ben
|
| 082 |
|
|
|a 808.853
|
| 100 |
|
|
|a জামান, শামীম.
|9 28938
|
| 245 |
|
|
|a শিশুবক্তা শিশুবিতর্ক /
|c শামীম জামান.
|
| 246 |
|
|
|a Shishubokta shishubitarka
|
| 260 |
|
|
|a ঢাকা :
|b ন্যাশনাল পাবলিকেশন,
|c ২০১৬.
|
| 300 |
|
|
|a ৭৯ পৃষ্ঠা ;
|c ২২ সে.মি.
|
| 504 |
|
|
|a বিবলিওগ্রাফী অন্তর্ভুক্ত
|
| 526 |
|
|
|a AAL
|
| 541 |
|
|
|a BoiBazar.com
|e 33974
|
| 650 |
|
|
|a Debates and debating.
|9 28940
|
| 852 |
|
|
|a Ayesha Abed Library
|c General Stacks
|
| 942 |
|
|
|2 ddc
|c BK
|
| 999 |
|
|
|c 40251
|d 40251
|
| 952 |
|
|
|0 0
|1 0
|2 ddc
|4 0
|6 808_853000000000000_ZAM
|7 0
|9 64625
|a BRACUL
|b BRACUL
|c GEN
|d 2018-11-01
|e BoiBazar.com
|g 120.00
|l 0
|o 808.853 ZAM
|p 3010033974
|r 2018-11-01
|t 1
|v 120.00
|w 2018-11-01
|y BK
|